<?xml version="1.0" encoding="UTF-8"?>
<record
    xmlns:xsi="http://www.w3.org/2001/XMLSchema-instance"
    xsi:schemaLocation="http://www.loc.gov/MARC21/slim http://www.loc.gov/standards/marcxml/schema/MARC21slim.xsd"
    xmlns="http://www.loc.gov/MARC21/slim">

  <leader>01031    a2200169   4500</leader>
  <controlfield tag="003">Nust</controlfield>
  <controlfield tag="005">20230131133645.0</controlfield>
  <datafield tag="040" ind1=" " ind2=" ">
    <subfield code="c">Nust</subfield>
  </datafield>
  <datafield tag="082" ind1=" " ind2=" ">
    <subfield code="a">808.83,NIV</subfield>
  </datafield>
  <datafield tag="100" ind1=" " ind2=" ">
    <subfield code="a">Niven, Frederick</subfield>
    <subfield code="9">108247</subfield>
  </datafield>
  <datafield tag="245" ind1=" " ind2=" ">
    <subfield code="a">Mrs. Barry / </subfield>
    <subfield code="c">Frederick Niven,</subfield>
  </datafield>
  <datafield tag="260" ind1=" " ind2=" ">
    <subfield code="a">Lodon</subfield>
    <subfield code="b">Collins</subfield>
    <subfield code="c">1933</subfield>
  </datafield>
  <datafield tag="300" ind1=" " ind2=" ">
    <subfield code="a">255 p</subfield>
  </datafield>
  <datafield tag="505" ind1=" " ind2=" ">
    <subfield code="a">October Morning (Page-9), An Only Son (Page-22), Forenoon (Page-32), Afternoon (Page-40), Interlude (Page-49), A Deserving Case (Page-57), New old Cloth (Page-67), A Criminous Clerk (Page-82), The Plain &#x2013; Clothes man (Page-89), Christmas Eve (Page-95), A Merry Christmas (Page-105), And A Happy New Year (Page-116), The Monkey &#x2013; Wrench (Page-127), Roundabouts and Swings (Page-142), Ambassador Neil (Page-155), Sudden Wealth (Page-170), Out-Patients (Page-183), The Poor Man Doctor (Page-199), The Little Angel (Page-207), When Other Helpers Fail (Page-217), Consultation (Page-227), Mary Quantock (Page-242), A Rainy Night in Glasgow (Page-248). </subfield>
  </datafield>
  <datafield tag="650" ind1=" " ind2=" ">
    <subfield code="a">Novel</subfield>
    <subfield code="9">2525</subfield>
  </datafield>
  <datafield tag="942" ind1=" " ind2=" ">
    <subfield code="2">ddc</subfield>
    <subfield code="c">BK</subfield>
    <subfield code="k">808.83,NIV</subfield>
  </datafield>
  <datafield tag="999" ind1=" " ind2=" ">
    <subfield code="c">191007</subfield>
    <subfield code="d">191007</subfield>
  </datafield>
  <datafield tag="952" ind1=" " ind2=" ">
    <subfield code="0">0</subfield>
    <subfield code="1">0</subfield>
    <subfield code="2">ddc</subfield>
    <subfield code="4">0</subfield>
    <subfield code="7">0</subfield>
    <subfield code="a">MCS</subfield>
    <subfield code="b">MCS</subfield>
    <subfield code="c">GEN</subfield>
    <subfield code="d">2016-12-12</subfield>
    <subfield code="o">808.83,NIV</subfield>
    <subfield code="p">MCS29859</subfield>
    <subfield code="r">2016-12-08</subfield>
    <subfield code="w">2016-12-12</subfield>
    <subfield code="y">BK</subfield>
    <subfield code="z">Almirah No. 57, Shelf No.1</subfield>
  </datafield>
</record>
